00630nam a22001937a 450000500170000001000150001702000270003203500140005903700090007308200120008210000240009424500420011826000300016027000400019030000250023094200260025599900190028195201360030020250416105850.0 aENG-144610 c1500.00a9789392918087 aEN-128142 bDBAD a792.803 aArora Suman 980608 aClassical Indian Dance\ cSuman Arora aDelhi bAadi Books c2022 bDelhi a39/18,Shakti Nagar e110007 aviii,304p.c22cm(pb) 2ddccENh792.803mARO c210964d210964 001040718NFICaDBADbDBADd2025-04-16eDBADg1500.00l0o792.803 AROpEN-128142r2025-04-16 00:00:00t1v1500.00w2025-04-16yEN